[Event "ENCI Limburg-open A"]
[Site "Maastricht"]
[Date "2012.05.27"]
[Round "5"]
[White "Wiley, Tom E"]
[Black "Ducarmon, Renzo"]
[Result "1-0"]
[WhiteElo "2287"]
[BlackElo "2047"]
[PlyCount "63"]
[EventDate "2012.05.25"]
[EventType "swiss"]
[EventRounds "7"]
[EventCountry "NED"]
[Source "P.Boonen"]
[SourceDate "2013.01.01"]

1. e4 c5 2. Nf3 d6 3. Bb5+ Bd7 4. Bxd7+ Nxd7 5. O-O Ngf6 6. Qe2 g6 7. c3 Bg7 8.
d4 cxd4 9. cxd4 e5 10. Rd1 Qc7 11. Nc3 a6 12. Be3 O-O 13. Rac1 Qa5 14. Nd2 Rac8
15. a3 Qd8 16. Nc4 Qc7 17. b3 b5 18. dxe5 bxc4 19. exf6 Nxf6 20. b4 h6 21. Bd4
Qc6 22. Qf3 Nd7 23. Nd5 Rfe8 24. Qc3 Bxd4 25. Rxd4 Qa4 26. f3 Rc6 27. f4 Re6
28. f5 Re5 29. fxg6 fxg6 30. Qh3 Nf8 31. Qxh6 Qxa3 32. Rf1 1-0

[Event "ENCI Limburg-open A"]
[Site "Maastricht"]
[Date "2012.05.27"]
[Round "5"]
[White "Wislez, Francis"]
[Black "Bijlsma, Nick"]
[Result "0-1"]
[WhiteElo "2023"]
[BlackElo "2151"]
[PlyCount "78"]
[EventDate "2012.05.25"]
[EventType "swiss"]
[EventRounds "7"]
[EventCountry "NED"]
[Source "P.Boonen"]
[SourceDate "2013.01.01"]

1. e4 c5 2. Nf3 d6 3. Nc3 a6 4. b3 g6 5. Bb2 Bg7 6. Be2 Nc6 7. O-O b5 8. Qc1
Nd4 9. Nxd4 cxd4 10. Nd5 e6 11. Nf4 Ne7 12. Bf3 Bb7 13. Ne2 e5 14. d3 O-O 15.
c3 dxc3 16. Bxc3 f5 17. Qb2 g5 18. g3 fxe4 19. Bxe4 Qd7 20. Bxb7 Qxb7 21. f4
gxf4 22. gxf4 b4 23. Bd2 exf4 24. d4 f3 25. Ng3 Qd5 26. Be3 Rae8 27. Rad1 h5
28. h4 Nf5 29. Nxf5 Qxf5 30. Qf2 Qg4+ 31. Kh2 Rxe3 32. Rg1 Re2 33. Rxg4 Rxf2+
34. Kg1 Rxa2 35. Rg5 Rf4 36. Rf1 Rg4+ 37. Rxg4 hxg4 38. Rd1 g3 39. h5 Bxd4+ 0-1

[Event "ENCI Limburg-open A"]
[Site "Maastricht"]
[Date "2012.05.27"]
[Round "5"]
[White "Zilverberg, Jasper"]
[Black "Boer, Alef"]
[Result "0-1"]
[WhiteElo "2036"]
[BlackElo "2153"]
[PlyCount "40"]
[EventDate "2012.05.25"]
[EventType "swiss"]
[EventRounds "7"]
[EventCountry "NED"]
[Source "P.Boonen"]
[SourceDate "2013.01.01"]

1. d4 d5 2. c4 c6 3. Nf3 e6 4. e3 f5 5. Bd3 Nf6 6. O-O Bd6 7. b3 Qc7 8. Bb2 O-O
9. Ne5 Bd7 10. Nd2 Ne4 11. f3 Nxd2 12. Qxd2 Be8 13. e4 Nd7 14. Rfe1 Nxe5 15.
dxe5 Bc5+ 16. Kh1 fxe4 17. fxe4 dxc4 18. Bxc4 Bg6 19. Rad1 Bh5 20. Be2 Rf2 0-1

[Event "ENCI Limburg-open A"]
[Site "Maastricht"]
[Date "2012.05.28"]
[Round "6"]
[White "Akstinat, Sven Holger"]
[Black "Van Foreest, Jorden"]
[Result "0-1"]
[WhiteElo "2122"]
[BlackElo "2175"]
[PlyCount "66"]
[EventDate "2012.05.25"]
[EventType "swiss"]
[EventRounds "7"]
[EventCountry "NED"]
[Source "P.Boonen"]
[SourceDate "2013.01.01"]

1. b3 d5 2. Bb2 Nf6 3. e3 Bf5 4. f4 e6 5. Nf3 Bd6 6. Be2 c5 7. O-O Nc6 8. a4
Qe7 9. Na3 O-O 10. Qe1 Nd7 11. Nh4 Bg6 12. f5 exf5 13. Nxf5 Bxf5 14. Rxf5 Be5
15. Bxe5 Ndxe5 16. Qg3 Rfe8 17. Raf1 a6 18. Nb1 d4 19. e4 Kh8 20. d3 f6 21. Nd2
b5 22. h4 Rab8 23. Ra1 Nb4 24. Bd1 Rbc8 25. axb5 axb5 26. Ra5 Qb7 27. Nf3 Nxf3+
28. Qxf3 Qb6 29. Ra1 c4 30. bxc4 bxc4 31. Rfa5 cxd3 32. cxd3 Nc6 33. Qg3 Nxa5
0-1

[Event "ENCI Limburg-open A"]
[Site "Maastricht"]
[Date "2012.05.28"]
[Round "6"]
[White "Balje, Jan"]
[Black "Mekhitarian, Krikor Sevag"]
[Result "0-1"]
[WhiteElo "2175"]
[BlackElo "2531"]
[PlyCount "80"]
[EventDate "2012.05.25"]
[EventType "swiss"]
[EventRounds "7"]
[EventCountry "NED"]
[Source "P.Boonen"]
[SourceDate "2013.01.01"]

1. d4 Nf6 2. c4 e6 3. g3 Bb4+ 4. Bd2 a5 5. Nf3 d6 6. Bg2 Nbd7 7. O-O e5 8. Nc3
exd4 9. Nxd4 O-O 10. Qc2 Re8 11. b3 Bc5 12. e3 c6 13. Rad1 Ne5 14. h3 Bd7 15.
Bc1 Qc8 16. Kh2 h5 17. f4 Ng6 18. Qd3 Qc7 19. e4 Rad8 20. Be3 Bc8 21. Bg1 h4
22. g4 Nxf4 23. Rxf4 d5 24. Qf1 Bd6 25. Nde2 g5 26. exd5 gxf4 27. Kh1 cxd5 28.
g5 Nh7 29. Nxd5 Qb8 30. Bb6 Bf5 31. Ndxf4 Bc7 32. Bxc7 Rxd1 33. Qxd1 Qxc7 34.
Qd5 Re5 35. Qxb7 Qxb7 36. Bxb7 Nxg5 37. Bg2 Re3 38. Kh2 Nxh3 39. Nd4 Nxf4 40.
Nxf5 Re2 0-1

[Event "ENCI Limburg-open A"]
[Site "Maastricht"]
[Date "2012.05.28"]
[Round "6"]
[White "Beeke, Bobby"]
[Black "Van Osch, Mees"]
[Result "1-0"]
[WhiteElo "2231"]
[BlackElo "2029"]
[PlyCount "81"]
[EventDate "2012.05.25"]
[EventType "swiss"]
[EventRounds "7"]
[EventCountry "NED"]
[Source "P.Boonen"]
[SourceDate "2013.01.01"]

1. c4 e5 2. Nc3 g6 3. g3 Bg7 4. Bg2 f5 5. d3 Nf6 6. Nf3 Nc6 7. O-O O-O 8. Bd2
d6 9. Ne1 Be6 10. b4 d5 11. cxd5 Nxd5 12. Na4 Bf7 13. Rb1 Re8 14. b5 Nd4 15. e3
Ne6 16. Nc3 e4 17. Qc2 Nc5 18. dxe4 Nxc3 19. Bxc3 Bxc3 20. Qxc3 Nxe4 21. Qc2
Qd5 22. Rb2 Rac8 23. Nf3 Red8 24. Ng5 Qc4 25. Nxe4 fxe4 26. Bxe4 Qxc2 27. Rxc2
Bd5 28. Bg2 Bxg2 29. Kxg2 c5 30. bxc6 Rxc6 31. Rfc1 Rdc8 32. Rxc6 bxc6 33. e4
Kf7 34. Rc5 Ke6 35. e5 Kd7 36. Ra5 Rc7 37. Rc5 Rb7 38. Kf3 Kc7 39. Ke3 Rb2 40.
Ra5 Kb6 41. Ra4 1-0

[Event "ENCI Limburg-open A"]
[Site "Maastricht"]
[Date "2012.05.28"]
[Round "6"]
[White "Berg, Emanuel"]
[Black "Wiley, Tom E"]
[Result "1-0"]
[WhiteElo "2587"]
[BlackElo "2287"]
[PlyCount "55"]
[EventDate "2012.05.25"]
[EventType "swiss"]
[EventRounds "7"]
[EventCountry "NED"]
[Source "P.Boonen"]
[SourceDate "2013.01.01"]

1. e4 e6 2. d4 d5 3. Nc3 Bb4 4. e5 Ne7 5. a3 Bxc3+ 6. bxc3 b6 7. Qg4 Kf8 8. a4
Ba6 9. Bxa6 Nxa6 10. h4 h5 11. Qf3 Nf5 12. Bg5 Qc8 13. Ne2 c5 14. O-O cxd4 15.
cxd4 Qc4 16. c3 Rc8 17. Nf4 g6 18. Bf6 Rg8 19. Ra3 Ke8 20. Nd3 Nb8 21. a5 b5
22. a6 Rc6 23. Nb2 Nxd4 24. cxd4 Qxd4 25. Rb3 Rb6 26. Rd1 Qg4 27. Qd3 b4 28.
Nc4 1-0

[Event "ENCI Limburg-open A"]
[Site "Maastricht"]
[Date "2012.05.28"]
[Round "6"]
[White "Bezemer, Arno"]
[Black "Timmermans, Ivo"]
[Result "1/2-1/2"]
[WhiteElo "2354"]
[BlackElo "2240"]
[PlyCount "21"]
[EventDate "2012.05.25"]
[EventType "swiss"]
[EventRounds "7"]
[EventCountry "NED"]
[Source "P.Boonen"]
[SourceDate "2013.01.01"]

1. e4 e5 2. Nf3 Nc6 3. d4 exd4 4. Nxd4 Nf6 5. Nc3 Bb4 6. Nxc6 bxc6 7. Bd3 d5 8.
exd5 cxd5 9. O-O O-O 10. Bg5 c6 11. Na4 1/2-1/2

[Event "ENCI Limburg-open A"]
[Site "Maastricht"]
[Date "2012.05.28"]
[Round "6"]
[White "Boer, Alef"]
[Black "Vandevoort, Pascal"]
[Result "0-1"]
[WhiteElo "2153"]
[BlackElo "2391"]
[PlyCount "52"]
[EventDate "2012.05.25"]
[EventType "swiss"]
[EventRounds "7"]
[EventCountry "NED"]
[Source "P.Boonen"]
[SourceDate "2013.01.01"]

1. c4 e5 2. g3 Nf6 3. Bg2 d5 4. cxd5 Nxd5 5. Nc3 Nb6 6. Nf3 Nc6 7. O-O Be7 8.
a3 O-O 9. b4 Be6 10. Rb1 f6 11. d3 Nd4 12. Nd2 c6 13. Bb2 a5 14. Ba1 axb4 15.
axb4 Nd5 16. Nxd5 Bxd5 17. Bxd4 exd4 18. Qc2 Re8 19. Rb2 Bf8 20. Re1 Bxg2 21.
Kxg2 Qd5+ 22. Nf3 Ra3 23. Rc1 Rc3 24. Qd2 Rxe2 25. Qxe2 Rxc1 26. Qd2 Rc3 0-1

[Event "ENCI Limburg-open A"]
[Site "Maastricht"]
[Date "2012.05.28"]
[Round "6"]
[White "Broekmeulen, Jasper"]
[Black "Gajewski, Grzegorz"]
[Result "0-1"]
[WhiteElo "2405"]
[BlackElo "2622"]
[PlyCount "84"]
[EventDate "2012.05.25"]
[EventType "swiss"]
[EventRounds "7"]
[EventCountry "NED"]
[Source "P.Boonen"]
[SourceDate "2013.01.01"]

1. e4 c5 2. Nf3 e6 3. d3 Nc6 4. g3 g6 5. Bg5 Qb6 6. Nbd2 Qxb2 7. Nc4 Qg7 8. e5
f6 9. Bf4 Nh6 10. exf6 Qxf6 11. Nfe5 Nf7 12. Nxf7 Kxf7 13. Bg2 d5 14. Nd2 Bg7
15. Rb1 Rd8 16. O-O Kg8 17. c4 Qf7 18. Qc1 Nd4 19. Re1 b6 20. a4 Bb7 21. a5
dxc4 22. Qxc4 Bd5 23. Qa6 Bxg2 24. Kxg2 Nc2 25. Re4 Nb4 26. Qc4 e5 27. Bxe5
Bxe5 28. Rxe5 Nc6 29. Re3 Nxa5 30. Qh4 Nc6 31. Rbe1 Nd4 32. g4 Nc2 33. Re7
Nxe1+ 34. Kf1 g5 35. Qxg5+ Qg6 36. Qxg6+ hxg6 37. Rxe1 Rxd3 38. Nc4 Rd4 39. Ne5
Re8 40. h4 c4 41. Nxg6 Rxe1+ 42. Kxe1 c3 0-1

[Event "ENCI Limburg-open A"]
[Site "Maastricht"]
[Date "2012.05.28"]
[Round "6"]
[White "Broekmeulen, Joris"]
[Black "Van Meegen, Ruud"]
[Result "1/2-1/2"]
[WhiteElo "1999"]
[BlackElo "1958"]
[PlyCount "100"]
[EventDate "2012.05.25"]
[EventType "swiss"]
[EventRounds "7"]
[EventCountry "NED"]
[Source "P.Boonen"]
[SourceDate "2013.01.01"]

1. e4 c5 2. Nf3 g6 3. c3 Bg7 4. Be2 Nc6 5. O-O d5 6. d3 Nf6 7. e5 Nd7 8. d4 O-O
9. Re1 Re8 10. Nbd2 f6 11. Bb5 fxe5 12. Bxc6 bxc6 13. dxe5 Ba6 14. Nb3 e6 15.
Bf4 Qc7 16. Qd2 c4 17. Nc1 Rf8 18. Bg3 Rad8 19. Qd4 Bc8 20. Ng5 Rde8 21. f4 Qb6
22. Ne2 Nc5 23. Bf2 Nd3 24. Qxb6 axb6 25. Bxb6 Nxe1 26. Rxe1 h6 27. Nf3 Rf7 28.
a4 Rb7 29. a5 Bf8 30. Ned4 c5 31. Nb5 Rd7 32. Ra1 Ba6 33. Nc7 Rxc7 34. Bxc7 Re7
35. Bd6 Rf7 36. Bxf8 Rxf8 37. Nh4 Kg7 38. g3 g5 39. Ng2 Kg6 40. Kf2 Rb8 41. Ra2
d4 42. g4 Rb3 43. h4 dxc3 44. bxc3 Rxc3 45. fxg5 hxg5 46. h5+ Kh6 47. Ne3 Rb3
48. Rc2 Ra3 49. Nxc4 Bxc4 50. Rxc4 Rxa5 1/2-1/2

[Event "ENCI Limburg-open A"]
[Site "Maastricht"]
[Date "2012.05.28"]
[Round "6"]
[White "Coenen, Eduard"]
[Black "Friesen, Boris"]
[Result "1-0"]
[WhiteElo "2042"]
[BlackElo "2079"]
[PlyCount "93"]
[EventDate "2012.05.25"]
[EventType "swiss"]
[EventRounds "7"]
[EventCountry "NED"]
[Source "P.Boonen"]
[SourceDate "2013.01.01"]

1. d4 Nf6 2. Nf3 g6 3. Bg5 Bg7 4. e3 O-O 5. Bd3 d5 6. Nbd2 c5 7. c3 Nc6 8. dxc5
Nd7 9. Nb3 h6 10. Bh4 a5 11. Bb5 Nde5 12. Nbd4 Nxf3+ 13. Qxf3 Ne5 14. Qd1 Qc7
15. b4 Bd7 16. O-O Bxb5 17. Nxb5 Qd7 18. a4 Nc4 19. Rb1 Rfc8 20. e4 g5 21. Bg3
b6 22. cxb6 Nxb6 23. exd5 axb4 24. Rxb4 Nxa4 25. c4 Nc5 26. Qb1 h5 27. h4 g4
28. d6 e5 29. Nc7 Ra3 30. Rb8 Na6 31. Rxc8+ Qxc8 32. Qb2 Rxg3 33. fxg3 Nxc7 34.
dxc7 Qxc7 35. Qe2 Qc6 36. Kh2 Qe6 37. Qe4 Qa6 38. Rb1 Qc8 39. Ra1 Qe6 40. Ra8+
Bf8 41. c5 f5 42. Qe3 Kf7 43. Ra7+ Be7 44. Qg5 e4 45. Qxh5+ Kg7 46. c6 f4 47.
Qg5+ 1-0

[Event "ENCI Limburg-open A"]
[Site "Maastricht"]
[Date "2012.05.28"]
[Round "6"]
[White "Dalemans, Diana"]
[Black "Stone, Andrew M"]
[Result "1/2-1/2"]
[WhiteElo "1964"]
[BlackElo "2233"]
[PlyCount "46"]
[EventDate "2012.05.25"]
[EventType "swiss"]
[EventRounds "7"]
[EventCountry "NED"]
[Source "P.Boonen"]
[SourceDate "2013.01.01"]

1. e4 e6 2. d4 d5 3. Nc3 Nf6 4. Bg5 Be7 5. e5 Nfd7 6. Bxe7 Qxe7 7. f4 a6 8. Nf3
c5 9. Qd2 Nc6 10. dxc5 Nxc5 11. Bd3 O-O 12. O-O f5 13. exf6 Qxf6 14. Ne5 Rd8
15. Rae1 Ne7 16. Ne2 Nf5 17. g4 Nd6 18. Ng3 Nc4 19. Bxc4 dxc4 20. Qe3 Rd5 21.
Nxc4 Qd8 22. Ne5 b6 23. Nf3 a5 1/2-1/2

[Event "ENCI Limburg-open A"]
[Site "Maastricht"]
[Date "2012.05.28"]
[Round "6"]
[White "Dijkhuis, Tycho"]
[Black "Hovhanisian, Mher"]
[Result "0-1"]
[WhiteElo "1968"]
[BlackElo "2492"]
[PlyCount "76"]
[EventDate "2012.05.25"]
[EventType "swiss"]
[EventRounds "7"]
[EventCountry "NED"]
[Source "P.Boonen"]
[SourceDate "2013.01.01"]

1. e4 e6 2. d4 d5 3. Nc3 Nf6 4. Bg5 Be7 5. e5 Nfd7 6. h4 h6 7. Be3 c5 8. Qg4
Kf8 9. f4 cxd4 10. Bxd4 Nc6 11. Nf3 a6 12. O-O-O b5 13. Bd3 b4 14. Na4 Qa5 15.
b3 Nxd4 16. Nxd4 h5 17. Qe2 Qc7 18. Rde1 Nc5 19. Nb2 g6 20. Reg1 a5 21. g4
Nxd3+ 22. Qxd3 Bc5 23. gxh5 Rxh5 24. Na4 Bxd4 25. Qxd4 Ba6 26. Qc5+ Qxc5 27.
Nxc5 Rf5 28. Rg5 Rxf4 29. Rxg6 Rc8 30. Rxe6 Bb5 31. h5 Rxc5 32. h6 Bd3 33. Rf6
Rxc2+ 34. Kd1 Rd4 35. Rh3 Bf5+ 36. Ke1 Bxh3 37. e6 Bxe6 38. h7 Rh4 0-1

[Event "ENCI Limburg-open A"]
[Site "Maastricht"]
[Date "2012.05.28"]
[Round "6"]
[White "Ducarmon, Quinten"]
[Black "Driessens, Patrick"]
[Result "1/2-1/2"]
[WhiteElo "2368"]
[BlackElo "2328"]
[PlyCount "42"]
[EventDate "2012.05.25"]
[EventType "swiss"]
[EventRounds "7"]
[EventCountry "NED"]
[Source "P.Boonen"]
[SourceDate "2013.01.01"]

1. e4 e6 2. d4 d5 3. Nd2 Nf6 4. e5 Nfd7 5. Bd3 c5 6. c3 Nc6 7. Ngf3 g6 8. h4
Qb6 9. h5 Rg8 10. hxg6 hxg6 11. Qa4 a6 12. a3 Be7 13. Nf1 g5 14. g4 f6 15. Bh7
Rg7 16. Qc2 Nf8 17. dxc5 Qxc5 18. Be3 Qa5 19. exf6 Bxf6 20. O-O-O Qc7 21. Bd3
Ne5 1/2-1/2

[Event "ENCI Limburg-open A"]
[Site "Maastricht"]
[Date "2012.05.28"]
[Round "6"]
[White "Esser, Norbert"]
[Black "Wislez, Francis"]
[Result "1/2-1/2"]
[WhiteElo "2175"]
[BlackElo "2023"]
[PlyCount "44"]
[EventDate "2012.05.25"]
[EventType "swiss"]
[EventRounds "7"]
[EventCountry "NED"]
[Source "P.Boonen"]
[SourceDate "2013.01.01"]

1. d4 c5 2. d5 d6 3. e4 a6 4. a4 Nf6 5. Nc3 g6 6. Be2 Bg7 7. Bf4 O-O 8. h3 Qa5
9. Bd2 Qb4 10. Bd3 Qb6 11. a5 Qc7 12. Nf3 c4 13. Be2 Bd7 14. O-O Bb5 15. Be3
Nbd7 16. Nd4 Qd8 17. f4 Ne8 18. Qd2 Nc7 19. Nf3 Qc8 20. Bd4 Ne8 21. Bxg7 Nxg7
22. Kh2 Qc5 1/2-1/2

[Event "ENCI Limburg-open A"]
[Site "Maastricht"]
[Date "2012.05.28"]
[Round "6"]
[White "Favier, Alain"]
[Black "Gengler, Pierre"]
[Result "0-1"]
[WhiteElo "2053"]
[BlackElo "2153"]
[PlyCount "76"]
[EventDate "2012.05.25"]
[EventType "swiss"]
[EventRounds "7"]
[EventCountry "NED"]
[Source "P.Boonen"]
[SourceDate "2013.01.01"]

1. d4 Nf6 2. c4 e6 3. Nc3 d5 4. Nf3 c6 5. e3 Nbd7 6. b3 Bd6 7. Bd3 O-O 8. O-O
e5 9. cxd5 cxd5 10. dxe5 Nxe5 11. Nxe5 Bxe5 12. Bb2 Re8 13. Rc1 Bxh2+ 14. Kxh2
Ng4+ 15. Qxg4 Bxg4 16. Rh1 h6 17. Nb5 Rc8 18. Rhe1 Rxc1 19. Rxc1 a6 20. Nd4 Qa5
21. Bc3 Qa3 22. Rc2 Rc8 23. Nf5 Bxf5 24. Bxf5 Qd6+ 25. f4 Rxc3 26. Rxc3 g5 27.
g3 Qf6 28. Rc8+ Kg7 29. g4 gxf4 30. exf4 Qd4 31. Rc2 Qxf4+ 32. Kg2 h5 33. Rf2
Qg5 34. Kh3 Qe3+ 35. Kg2 h4 36. Rf3 Qe2+ 37. Rf2 h3+ 38. Kg3 Qe1 0-1

[Event "ENCI Limburg-open A"]
[Site "Maastricht"]
[Date "2012.05.28"]
[Round "6"]
[White "Goes, Sten"]
[Black "Sarrau, Jelle"]
[Result "1-0"]
[WhiteElo "2147"]
[BlackElo "2287"]
[PlyCount "51"]
[EventDate "2012.05.25"]
[EventType "swiss"]
[EventRounds "7"]
[EventCountry "NED"]
[Source "P.Boonen"]
[SourceDate "2013.01.01"]

1. e4 c5 2. Nf3 d6 3. d4 cxd4 4. Nxd4 Nf6 5. Nc3 a6 6. Be2 e5 7. Nb3 Be7 8. O-O
O-O 9. Be3 Be6 10. Qd2 Nbd7 11. a4 Rc8 12. a5 Qc7 13. Rfd1 Rfd8 14. Nc1 Nc5 15.
Bf3 Qc6 16. Nd5 Bxd5 17. exd5 Qb5 18. c3 Re8 19. Qc2 Bd8 20. Be2 Qd7 21. b4
Nce4 22. c4 h6 23. Bd3 Nxd5 24. Bxe4 Nxb4 25. Qa4 Nc6 26. c5 1-0

[Event "ENCI Limburg-open A"]
[Site "Maastricht"]
[Date "2012.05.28"]
[Round "6"]
[White "Harff, Wilfried"]
[Black "Majhi, Ankit"]
[Result "1-0"]
[WhiteElo "2187"]
[BlackElo "1909"]
[PlyCount "47"]
[EventDate "2012.05.25"]
[EventType "swiss"]
[EventRounds "7"]
[EventCountry "NED"]
[Source "P.Boonen"]
[SourceDate "2013.01.01"]

1. c4 Nf6 2. Nc3 g6 3. g3 Bg7 4. Bg2 O-O 5. d4 d6 6. Nf3 Nc6 7. b3 e5 8. dxe5
dxe5 9. Ba3 Re8 10. Qxd8 Nxd8 11. Rd1 e4 12. Nd4 e3 13. fxe3 Ng4 14. Bc1 c6 15.
Ne4 Ne6 16. O-O Nxd4 17. exd4 f5 18. Nc3 Bd7 19. Rd3 f4 20. Bxf4 Bf5 21. e4 Be6
22. h3 Nf6 23. g4 Rad8 24. Bg5 1-0

[Event "ENCI Limburg-open A"]
[Site "Maastricht"]
[Date "2012.05.28"]
[Round "6"]
[White "Heinichen, Nils"]
[Black "Surewaard, Wilbert"]
[Result "1/2-1/2"]
[WhiteElo "2054"]
[BlackElo "2157"]
[PlyCount "48"]
[EventDate "2012.05.25"]
[EventType "swiss"]
[EventRounds "7"]
[EventCountry "NED"]
[Source "P.Boonen"]
[SourceDate "2013.01.01"]

1. f4 d5 2. Nf3 c5 3. e3 Nc6 4. b3 Nf6 5. Bb2 e6 6. Bb5 Bd7 7. O-O b6 8. Qe2 a6
9. Bxc6 Bxc6 10. d3 Bd6 11. Ne5 Bb7 12. Nd2 Qc7 13. Ng4 Be7 14. Nxf6+ Bxf6 15.
Bxf6 gxf6 16. f5 e5 17. e4 O-O-O 18. Rf3 dxe4 19. Nxe4 Qd7 20. Re1 Qd4+ 21. Rf2
Bxe4 22. Qxe4 Qxe4 23. Rxe4 Rd4 24. Re3 Kd7 1/2-1/2

[Event "ENCI Limburg-open A"]
[Site "Maastricht"]
[Date "2012.05.28"]
[Round "6"]
[White "Henrichs, Wenke"]
[Black "De Wit, Albert"]
[Result "1-0"]
[WhiteElo "2092"]
[BlackElo "2042"]
[PlyCount "41"]
[EventDate "2012.05.25"]
[EventType "swiss"]
[EventRounds "7"]
[EventCountry "NED"]
[Source "P.Boonen"]
[SourceDate "2013.01.01"]

1. d4 g6 2. c4 Bg7 3. e4 d6 4. Be3 Nd7 5. Nc3 e5 6. Nf3 Nh6 7. h3 f6 8. Be2 O-O
9. dxe5 Nxe5 10. Nxe5 fxe5 11. c5 Nf7 12. Bc4 Kh8 13. Qb3 Bh6 14. Bxf7 Bxe3 15.
fxe3 Qg5 16. O-O-O Qxe3+ 17. Kb1 Qxc5 18. Rhf1 Bd7 19. Rc1 Bc6 20. Qe6 Qe3 21.
Qf6# 1-0

[Event "ENCI Limburg-open A"]
[Site "Maastricht"]
[Date "2012.05.28"]
[Round "6"]
[White "Hetey, Laszlo"]
[Black "Dambacher, Martijn"]
[Result "1-0"]
[WhiteElo "2345"]
[BlackElo "2484"]
[PlyCount "113"]
[EventDate "2012.05.25"]
[EventType "swiss"]
[EventRounds "7"]
[EventCountry "NED"]
[Source "P.Boonen"]
[SourceDate "2013.01.01"]

1. d4 Nf6 2. c4 e6 3. Nc3 Bb4 4. e3 O-O 5. Bd3 d5 6. Nge2 dxc4 7. Bxc4 Nc6 8.
a3 Be7 9. f4 Na5 10. Ba2 c5 11. dxc5 Qxd1+ 12. Nxd1 Nc6 13. Ndc3 Bxc5 14. b4
Bb6 15. Na4 Bc7 16. h3 e5 17. O-O exf4 18. exf4 Re8 19. Ng3 b6 20. Bb2 Ba6 21.
Rf2 Rad8 22. Rc1 Bb5 23. Bxf6 Bxa4 24. Bxd8 Bxd8 25. Re2 Rf8 26. Nf5 Bf6 27.
Bd5 Nd4 28. Nxd4 Bxd4+ 29. Kh2 g5 30. fxg5 Rd8 31. Bc6 Rc8 32. Rc4 Bg7 33. b5
Bb3 34. Rce4 Be6 35. Rd2 Kf8 36. Ra4 Rc7 37. Rd8+ Ke7 38. Re8+ Kd6 39. Rd8+ Ke7
40. Ra8 a5 41. Ra6 Be5+ 42. g3 Rc8 43. Rxb6 Rd8 44. Bg2 Rd3 45. Rxe6+ fxe6 46.
Rxa5 Rxg3 47. b6 Bd6 48. Ra7+ Kd8 49. Kh1 Rxa3 50. Bc6 Rxh3+ 51. Kg2 Rg3+ 52.
Kf2 Rd3 53. Ke2 Rd4 54. Rd7+ Kc8 55. b7+ Kb8 56. Rd8+ Ka7 57. b8=Q+ 1-0

[Event "ENCI Limburg-open A"]
[Site "Maastricht"]
[Date "2012.05.28"]
[Round "6"]
[White "Hoegener, Claude"]
[Black "Schmitz, Manuela"]
[Result "1/2-1/2"]
[WhiteElo "2051"]
[BlackElo "2037"]
[PlyCount "40"]
[EventDate "2012.05.25"]
[EventType "swiss"]
[EventRounds "7"]
[EventCountry "NED"]
[Source "P.Boonen"]
[SourceDate "2013.01.01"]

1. d4 d5 2. Nf3 Nf6 3. Bg5 Nbd7 4. Nbd2 h6 5. Bxf6 Nxf6 6. c4 c6 7. Qb3 e6 8.
e3 Be7 9. Bd3 O-O 10. Ne5 c5 11. O-O-O Qc7 12. Kb1 Rb8 13. g4 a6 14. h4 dxc4
15. Bxc4 b5 16. Be2 c4 17. Qc2 Nd5 18. g5 Nb4 19. Qc3 Nd5 20. Qc2 Nb4 1/2-1/2

[Event "ENCI Limburg-open A"]
[Site "Maastricht"]
[Date "2012.05.28"]
[Round "6"]
[White "Holscher, Peter"]
[Black "Van Gelder, Bart"]
[Result "1-0"]
[WhiteElo "2089"]
[BlackElo "2166"]
[PlyCount "59"]
[EventDate "2012.05.25"]
[EventType "swiss"]
[EventRounds "7"]
[EventCountry "NED"]
[Source "P.Boonen"]
[SourceDate "2013.01.01"]

1. d4 d5 2. Nf3 Nf6 3. c4 c6 4. e3 e6 5. Nc3 Nbd7 6. Bd3 a6 7. O-O dxc4 8. Bxc4
b5 9. Bd3 Bb7 10. e4 c5 11. d5 c4 12. dxe6 fxe6 13. Bc2 Qb6 14. Qe2 Bc5 15. e5
Nd5 16. Ne4 O-O-O 17. Bd2 Rdf8 18. a4 Nb4 19. Nxc5 Qxc5 20. Bxb4 Qxb4 21. Be4
Qc5 22. axb5 axb5 23. Rfd1 Bd5 24. Bxd5 exd5 25. Nd4 Re8 26. Qg4 Qe7 27. Ra7 h5
28. Qh3 g5 29. e6 Kb8 30. Nc6+ 1-0

[Event "ENCI Limburg-open A"]
[Site "Maastricht"]
[Date "2012.05.28"]
[Round "6"]
[White "Huesmann, Thomas"]
[Black "Clemens, Adrian HP"]
[Result "1-0"]
[WhiteElo "2230"]
[BlackElo "2245"]
[PlyCount "87"]
[EventDate "2012.05.25"]
[EventType "swiss"]
[EventRounds "7"]
[EventCountry "NED"]
[Source "P.Boonen"]
[SourceDate "2013.01.01"]

1. e4 c5 2. Nc3 a6 3. a4 Nc6 4. f4 g6 5. Nf3 Bg7 6. Bc4 e6 7. d3 Nge7 8. O-O
O-O 9. Bb3 d5 10. Qe1 Nd4 11. Nxd4 cxd4 12. Ne2 dxe4 13. dxe4 Bd7 14. Bc4 b5
15. axb5 Bxb5 16. Bxb5 axb5 17. Rxa8 Qxa8 18. e5 Qe4 19. c3 dxc3 20. Nxc3 Qc6
21. Qe4 Qxe4 22. Nxe4 Nd5 23. Bd2 Rc8 24. Ra1 Bf8 25. Kf1 Be7 26. Ke2 Rc2 27.
Kd3 Rxb2 28. Nd6 f5 29. Nc8 Bf8 30. Ra6 Kf7 31. Ra7+ Kg8 32. Nd6 b4 33. Ne8 Be7
34. Nc7 Nxc7 35. Rxc7 Kf7 36. Rb7 Rb1 37. Kc2 Rg1 38. Bxb4 Rxg2+ 39. Kd3 Rxh2
40. Rxe7+ Kg8 41. Rxe6 Rb2 42. Bc3 Ra2 43. Rc6 Ra4 44. e6 1-0

[Event "ENCI Limburg-open A"]
[Site "Maastricht"]
[Date "2012.05.28"]
[Round "6"]
[White "In 't Veld, Daan"]
[Black "Van Foreest, Lucas"]
[Result "1-0"]
[WhiteElo "2215"]
[BlackElo "1960"]
[PlyCount "43"]
[EventDate "2012.05.25"]
[EventType "swiss"]
[EventRounds "7"]
[EventCountry "NED"]
[Source "P.Boonen"]
[SourceDate "2013.01.01"]

1. e4 e5 2. Nf3 Nc6 3. d4 exd4 4. Nxd4 g6 5. Nc3 Bg7 6. Be3 Nge7 7. Bc4 O-O 8.
Qd2 Ne5 9. Bb3 a6 10. a4 b6 11. Nde2 Bb7 12. h3 b5 13. O-O b4 14. Nd5 Nxd5 15.
exd5 a5 16. f4 d6 17. fxe5 Bxe5 18. Nd4 Qd7 19. Bc4 Qe7 20. Rae1 Rfe8 21. Bb5
Rec8 22. Nc6 1-0

[Event "ENCI Limburg-open A"]
[Site "Maastricht"]
[Date "2012.05.28"]
[Round "6"]
[White "Jeitz, Christian"]
[Black "Mollema, Thomas"]
[Result "1/2-1/2"]
[WhiteElo "2212"]
[BlackElo "1917"]
[PlyCount "64"]
[EventDate "2012.05.25"]
[EventType "swiss"]
[EventRounds "7"]
[EventCountry "NED"]
[Source "P.Boonen"]
[SourceDate "2013.01.01"]

1. e4 c5 2. Nf3 e6 3. g3 d5 4. exd5 exd5 5. Bg2 Be7 6. d4 Nf6 7. O-O O-O 8. h3
Nc6 9. Be3 b6 10. Nbd2 Be6 11. c3 c4 12. Ne5 Nxe5 13. dxe5 Nd7 14. f4 Nc5 15.
Bxc5 Bxc5+ 16. Kh2 Bf5 17. Qf3 Qc7 18. b4 Be7 19. Qe3 Rad8 20. Nf3 a5 21. a3
Bd3 22. Rfe1 axb4 23. axb4 Ra8 24. Nd4 Qb7 25. f5 Rxa1 26. Rxa1 Ra8 27. Rxa8+
Qxa8 28. Qf2 f6 29. exf6 Bxf6 30. Qe3 Be4 31. Bxe4 dxe4 32. Ne2 Qc6 1/2-1/2